| 000 | 01111njm a2200277 i 4500 | ||
|---|---|---|---|
| 001 | 4834 | ||
| 003 | ES-MaACL | ||
| 005 | 20240603203656.0 | ||
| 007 | s|r||||||||||| | ||
| 008 | 070817s1976 sp ||| g ||||||||1|nspa d | ||
| 245 | 0 | 0 |
_aDivorcio 77 [ _hGrabación sonora] / _cintervienen Antonio Aradillas, Enrique Miret Magdalena e Ignacio Careaga. |
| 260 |
_aMadrid : _bAteneo de Madrid, _c1976. |
||
| 300 |
_a2 discos (CD-DA) (1 h. 33 min. 22 seg.) ; _c12 cm. |
||
| 500 | _aDatos basados en la invitación. | ||
| 518 | _aActo organizado por el Ateneo de Madrid, grabado en el salón de actos el martes 30 de noviembre de 1976, a las 19:30 h. | ||
| 610 | 2 | 4 |
_aAteneo de Madrid- _xActos culturales- _y1976- _vGrabaciones sonoras. _91886 |
| 650 | 1 | 4 |
_aDivorcio- _zEspaña. _911957 |
| 700 | 1 |
_aAradillas, Antonio, _d1928- _922156 |
|
| 700 | 1 |
_aMiret Magdalena, Enrique. _981583 |
|
| 700 | 1 |
_aCareaga, Ignacio. _935220 |
|
| 710 | 2 |
_aAteneo de Madrid. _91875 |
|
| 852 |
_aES-MaACL _cROT _jROT 4/1/21 _94951 |
||
| 852 |
_aES-MaACL _cROT _jROT 4/1/22 _9203008 |
||
| 942 |
_2udc _cCDROM |
||
| 999 |
_c4834 _d4834 |
||